<?xml version="1.0" encoding="UTF-8"?>
<record
    xmlns:xsi="http://www.w3.org/2001/XMLSchema-instance"
    xsi:schemaLocation="http://www.loc.gov/MARC21/slim http://www.loc.gov/standards/marcxml/schema/MARC21slim.xsd"
    xmlns="http://www.loc.gov/MARC21/slim">

  <leader>01014nam a2200253 i 4500</leader>
  <controlfield tag="001">13798</controlfield>
  <controlfield tag="003">ES-MaACL</controlfield>
  <controlfield tag="005">20231227062626.0</controlfield>
  <controlfield tag="007">t|</controlfield>
  <controlfield tag="008">980707s1960    sp           ||||1| spa d</controlfield>
  <datafield tag="080" ind1=" " ind2=" ">
    <subfield code="a">325.4(8=60)</subfield>
  </datafield>
  <datafield tag="245" ind1="0" ind2="0">
    <subfield code="a">Colonizaci&#xF3;n espa&#xF1;ola en Am&#xE9;rica / </subfield>
    <subfield code="c">pr&#xF3;logo, Ram&#xF3;n Men&#xE9;ndez Pidal ; colaboraciones, Juan Manzano Manzano... (et al.).</subfield>
  </datafield>
  <datafield tag="260" ind1=" " ind2=" ">
    <subfield code="a">Madrid : </subfield>
    <subfield code="b">Asociaci&#xF3;n Francisco de Vitoria, </subfield>
    <subfield code="c">1960-1961.</subfield>
  </datafield>
  <datafield tag="300" ind1=" " ind2=" ">
    <subfield code="a">177 p. ; </subfield>
    <subfield code="c">25 cm.</subfield>
  </datafield>
  <datafield tag="490" ind1="1" ind2=" ">
    <subfield code="a">Anuario de la Asociaci&#xF3;n Francisco de Vitoria ; </subfield>
    <subfield code="v">13</subfield>
  </datafield>
  <datafield tag="500" ind1=" " ind2=" ">
    <subfield code="a">Es el vol. XIII del Anuario de la Asociaci&#xF3;n Francisco de Vitoria, Madrid 1960-61.</subfield>
  </datafield>
  <datafield tag="651" ind1=" " ind2="4">
    <subfield code="a">Am&#xE9;rica espa&#xF1;ola-</subfield>
    <subfield code="x">Colonizaci&#xF3;n.</subfield>
    <subfield code="9">7721</subfield>
  </datafield>
  <datafield tag="700" ind1="1" ind2=" ">
    <subfield code="a">Men&#xE9;ndez Pidal, Ram&#xF3;n,</subfield>
    <subfield code="d">1869-1968</subfield>
    <subfield code="9">80315</subfield>
  </datafield>
  <datafield tag="700" ind1="1" ind2=" ">
    <subfield code="a">Manzano Manzano, Juan.</subfield>
    <subfield code="9">76227</subfield>
  </datafield>
  <datafield tag="710" ind1="2" ind2=" ">
    <subfield code="a">Asociaci&#xF3;n Francisco de Vitoria.</subfield>
    <subfield code="9">1708</subfield>
  </datafield>
  <datafield tag="830" ind1="0" ind2=" ">
    <subfield code="a">Anuario de la Asociaci&#xF3;n Francisco de Vitoria ; </subfield>
    <subfield code="v">13</subfield>
    <subfield code="9">228459</subfield>
  </datafield>
  <datafield tag="852" ind1=" " ind2=" ">
    <subfield code="a">ES-MaACL</subfield>
    <subfield code="j">L-21206 </subfield>
    <subfield code="b">R.124832</subfield>
  </datafield>
  <datafield tag="999" ind1=" " ind2=" ">
    <subfield code="c">13798</subfield>
    <subfield code="d">13798</subfield>
  </datafield>
  <datafield tag="952" ind1=" " ind2=" ">
    <subfield code="0">0</subfield>
    <subfield code="1">0</subfield>
    <subfield code="4">0</subfield>
    <subfield code="7">0</subfield>
    <subfield code="a">ATENEOM</subfield>
    <subfield code="b">ATENEOM</subfield>
    <subfield code="c">DEPO2</subfield>
    <subfield code="d">2008-01-17</subfield>
    <subfield code="e">SC</subfield>
    <subfield code="l">0</subfield>
    <subfield code="o">L-21206</subfield>
    <subfield code="p">1014042</subfield>
    <subfield code="r">2023-02-23 00:00:00</subfield>
    <subfield code="w">2023-02-23</subfield>
    <subfield code="y">MONOGRAFIA</subfield>
  </datafield>
</record>
